000 00955cam a2200277 a 4500
005 20260322212005.0
008 data
010 _a 90036197
040 _aDLC
_cDLC
_dDLC
042 _alcac
043 _aah-----
050 0 0 _aDS485.H6
_bR48 1991
082 0 0 _a954.96
_220
092 _a954.96 R48 1991
100 1 _aReynolds, Jan,
_d1956-
245 1 0 _aHimalaya :
_bvanishing cultures /
_cJan Reynolds.
250 _a1st ed.
260 _aSan Diego :
_bHarcourt Brace Jovanovich,
_cc1991.
300 _a[32] p. :
_bcol. ill. ;
_c23 x 29 cm.
440 0 _aVanishing cultures series
520 _aDescribes the customs and day-to-day life of a family living in the Himalaya Mountains.
651 0 _aHimalaya Mountains Region
_xJuvenile literature.
_xJuvenile literature.
651 0 _aHimalaya Mountains Region
_xJuvenile literature.
_xPictorial works
_xJuvenile literature.
651 1 _aHimalaya Mountains Region
_xSocial life and customs.
001 data
999 _c64
_d64